[Event "DSOL 04 Liga Gr-D 1st"]
[Site "Playchess.com INT"]
[Date "2020.08.05"]
[Round "7.3"]
[White "Sprungala, Erik"]
[Black "Buschmann, Tim"]
[Result "0-1"]
[WhiteElo "1861"]
[BlackElo "1795"]
[PlyCount "66"]
[EventDate "2020.06.22"]
[EventType "team-tourn (rapid)"]
[EventCountry "GER"]
[SourceTitle "EXT 2021"]
[Source "ChessBase"]
[SourceDate "2020.10.23"]
[SourceVersion "1"]
[SourceVersionDate "2020.10.23"]
[SourceQuality "1"]
[WhiteTeam "Eving SV Rochade"]
[BlackTeam "Berlin Nord Ost"]
[WhiteTeamCountry "GER"]
[BlackTeamCountry "GER"]

1. d4 Nf6 2. c4 g6 3. Nc3 Bg7 4. g3 d6 5. Bg2 0-0 6. Nf3 Nbd7 7. 0-0 e5 8. Qc2 a5 9. b3 c6 10. Bb2 Qb6 11. Rad1 Re8 12. d5 e4 13. Ng5 e3 14. f3 Qc7 15. Nge4 Nxe4 16. Nxe4 Bxb2 17. Qxb2 c5 18. Bh3 f5 19. Nc3 Nf6 20. Rd3 f4 21. Nb5 Qe7 22. Bxc8 Raxc8 23. Kg2 Rcd8 24. Rh1 Nh5 25. a3 Qg5 26. g4 Qh4 27. Rf1 Ng3 28. Ra1 h5 29. gxh5 Re5 30. Qc1 Rg5 31. Qe1 Ne4+ 32. Kh1 Qxe1+ 33. Rxe1 Nf2# 0-1

[Event "GER-ch Net Amateur Gr-B Vor3"]
[Site "Playchess.com INT"]
[Date "2020.04.16"]
[Round "7"]
[White "Sprungala, Erik"]
[Black "Fock, Amina"]
[Result "1-0"]
[WhiteElo "1600"]
[BlackElo "1629"]
[PlyCount "59"]
[EventDate "2020.04.16"]
[EventType "swiss (blitz)"]
[EventRounds "9"]
[EventCountry "GER"]
[SourceTitle "CBM 195 Extra"]
[Source "ChessBase"]
[SourceDate "2020.05.31"]
[SourceVersion "1"]
[SourceVersionDate "2020.05.31"]
[SourceQuality "1"]

1. d4 Nf6 2. c4 e6 3. Nc3 Bb4 4. Qc2 0-0 5. Nf3 c5 6. dxc5 Qa5 7. Bd2 Qxc5 8. e3 Qc7 9. Bd3 d5 10. cxd5 Bxc3 11. Bxc3 Nxd5 12. Bxh7+ Kh8 13. Be4 Nxc3 14. Qxc3 Qxc3+ 15. bxc3 Na6 16. Ke2 Nc5 17. Bc2 b6 18. Rhd1 Ba6+ 19. Ke1 Rfd8 20. Rd4 Rxd4 21. cxd4 Nd3+ 22. Bxd3 Bxd3 23. Ne5 Bg6 24. Nxg6+ fxg6 25. Rc1 a5 26. Rc6 b5 27. Rxe6 b4 28. Rxg6 a4 29. Rb6 b3 30. a3 1-0

[Event "GER-ch Net Amateur Gr-B Vor3"]
[Site "Playchess.com INT"]
[Date "2020.04.16"]
[Round "5"]
[White "Sprungala, Erik"]
[Black "Neuhoff, Laertes"]
[Result "1-0"]
[WhiteElo "1600"]
[BlackElo "1451"]
[PlyCount "221"]
[EventDate "2020.04.16"]
[EventType "swiss (blitz)"]
[EventRounds "9"]
[EventCountry "GER"]
[SourceTitle "CBM 195 Extra"]
[Source "ChessBase"]
[SourceDate "2020.05.31"]
[SourceVersion "1"]
[SourceVersionDate "2020.05.31"]
[SourceQuality "1"]

1. d4 d5 2. c4 e6 3. Nc3 Nf6 4. cxd5 exd5 5. Bg5 c6 6. e3 Bd6 7. Bd3 0-0 8. Nf3 Bg4 9. h3 Bh5 10. 0-0 Nbd7 11. g4 Bg6 12. Bxg6 fxg6 13. Kg2 h6 14. Bh4 Qc7 15. Rc1 a6 16. Ne2 Ne4 17. Nd2 Nxd2 18. Qxd2 g5 19. Bg3 Bxg3 20. Nxg3 Nf6 21. Qd3 Rae8 22. b4 Ne4 23. Nxe4 dxe4 24. Qc4+ Kh8 25. d5 Qf7 26. dxc6 Qf3+ 27. Kh2 bxc6 28. Qxc6 Qe2 29. Kg1 Qxa2 30. Rc2 Qf7 31. Rc4 Qf3 32. Kh2 Qe2 33. Kg1 Rc8 34. Qxc8 Rxc8 35. Rxc8+ Kh7 36. Ra8 Qb5 37. Rb1 Qd3 38. Rf1 Qb3 39. Rb8 a5 40. b5 a4 41. b6 a3 42. b7 a2 43. Kg2 Qb2 44. Ra8 Qxb7 45. Rxa2 Qb3 46. Rd2 Qc3 47. Rd4 Qc8 48. Ra1 Qf8 49. Ra2 Qf3+ 50. Kh2 Qf7 51. Rad2 Qf6 52. Rxe4 Qf3 53. Red4 Qf6 54. Rd6 Qc3 55. Kg2 Qa1 56. e4 Qe5 57. R6d4 Qc5 58. Rd5 Qc4 59. e5 Qe4+ 60. f3 Qf4 61. e6 Qf6 62. Rd6 Qe7 63. R2d4 Qa7 64. Rd7 Qa2+ 65. Kg3 Qxe6 66. R7d6 Qe5+ 67. Kg2 Qe2+ 68. Kg3 Qe5+ 69. Kg2 Qa5 70. Rd2 Qc5 71. R6d4 Qc1 72. Re2 Qc3 73. Rde4 Qa1 74. Re7 Qc3 75. R7e3 Qa1 76. Re7 Qf6 77. Ra7 Qb6 78. Ree7 Qf6 79. Rxg7+ Qxg7 80. Rxg7+ Kxg7 81. Kg3 Kf6 82. f4 gxf4+ 83. Kxf4 Kg6 84. h4 Kf6 85. h5 Kg7 86. Kf5 Kf7 87. Ke5 Ke7 88. Kf5 Kf7 89. Ke5 Kg7 90. Ke6 Kg8 91. Kf6 Kh7 92. Kf7 Kh8 93. Kg6 Kg8 94. Kxh6 Kh8 95. Kg6 Kg8 96. g5 Kh8 97. Kh6 Kg8 98. g6 Kh8 99. Kg5 Kg7 100. h6+ Kg8 101. Kf6 Kh8 102. g7+ Kg8 103. Ke7 Kh7 104. Kf8 Kxh6 105. g8Q Kh5 106. Kf7 Kh4 107. Kf6 Kh3 108. Kf5 Kh2 109. Kf4 Kh1 110. Kf3 Kh2 111. Qg2# 1-0

[Event "GER-ch Net Amateur Gr-B Vor2"]
[Site "Playchess.com INT"]
[Date "2020.04.15"]
[Round "8"]
[White "Homfeldt, Christopher"]
[Black "Sprungala, Erik"]
[Result "0-1"]
[WhiteElo "1694"]
[BlackElo "1594"]
[PlyCount "166"]
[EventDate "2020.04.15"]
[EventType "swiss (blitz)"]
[EventRounds "9"]
[EventCountry "GER"]
[SourceTitle "CBM 196 Extra"]
[Source "ChessBase"]
[SourceDate "2020.07.31"]
[SourceVersion "1"]
[SourceVersionDate "2020.07.31"]
[SourceQuality "1"]

1. e4 c5 2. Nf3 Nc6 3. d4 cxd4 4. Nxd4 Nf6 5. Nc3 e5 6. Ndb5 d6 7. Bg5 a6 8. Na3 b5 9. Nd5 Be7 10. Bxf6 Bxf6 11. c3 Rb8 12. Nc2 0-0 13. Be2 g6 14. Nxf6+ Qxf6 15. Ne3 Be6 16. 0-0 Rfd8 17. Qc2 a5 18. Rfd1 b4 19. Nd5 Qg5 20. Rd3 Rd7 21. Rg3 Qd8 22. Qa4 Bxd5 23. exd5 Ne7 24. c4 Nf5 25. Rd3 Nd4 26. Bf1 Rdb7 27. Qd1 Qd7 28. f4 a4 29. fxe5 dxe5 30. Rc1 b3 31. a3 Rc7 32. Be2 Rbc8 33. Rdc3 Qd6 34. Qd3 Rc5 35. h4 Qf6 36. h5 Qg5 37. hxg6 hxg6 38. Bf3 Kg7 39. Kf2 Qf4 40. g3 Qxf3+ 41. Qxf3 Nxf3 42. Kxf3 f5 43. Ke3 Kf6 44. Kd3 g5 45. Rf1 Rh8 46. Rcc1 Rh3 47. Rg1 f4 48. Rcf1 Kf5 49. Kc3 e4 50. Kd4 Rc8 51. c5 Rh2 52. gxf4 gxf4 53. Rb1 Rd2+ 54. Kc3 Rd3+ 55. Kc4 f3 56. Rbe1 f2 57. Rgf1 Rf3 58. Re2 e3 59. c6 Ke4 60. Kc5 Rf5 61. Kc4 Rxd5 62. Rfxf2 Rxc6+ 63. Kb4 Rd4+ 64. Kb5 Re6 65. Rf8 Kd3 66. Rh2 e2 67. Rf3+ Re3 68. Rxe3+ Kxe3 69. Rh3+ Kd2 70. Rh2 Kd1 71. Rh1+ Kc2 72. Re1 Re4 73. Kc5 Kxb2 74. Kd5 Re8 75. Kc4 Kxa3 76. Kd3 b2 77. Kc2 Ka2 78. Kd2 b1Q 79. Rxb1 Kxb1 80. Ke1 a3 81. Kf2 a2 82. Ke1 a1Q 83. Kf2 e1Q+ 0-1

[Event "GER-ch Net Amateur Gr-B Vor2"]
[Site "Playchess.com INT"]
[Date "2020.04.15"]
[Round "5"]
[White "Sprungala, Erik"]
[Black "Joachim, Christian"]
[Result "1/2-1/2"]
[WhiteElo "1614"]
[BlackElo "1772"]
[PlyCount "128"]
[EventDate "2020.04.15"]
[EventType "swiss (blitz)"]
[EventRounds "9"]
[EventCountry "GER"]
[SourceTitle "CBM 196 Extra"]
[Source "ChessBase"]
[SourceDate "2020.07.31"]
[SourceVersion "1"]
[SourceVersionDate "2020.07.31"]
[SourceQuality "1"]

1. d4 e6 2. c4 b6 3. Nc3 Bb7 4. e4 Bb4 5. Qc2 Nf6 6. Bd3 c5 7. d5 exd5 8. cxd5 d6 9. Bg5 Nbd7 10. Nf3 h6 11. Bh4 g5 12. Bg3 Nf8 13. 0-0-0 Ng6 14. Rhe1 0-0 15. a3 Ba5 16. h3 Nh5 17. Bh2 Nhf4 18. Bf1 Bxc3 19. Qxc3 c4 20. Kb1 Ba6 21. Rd4 Rc8 22. g3 Nd3 23. Bxd3 cxd3 24. Qd2 Rc2 25. Qe3 Qc7 26. Rxd3 Bxd3 27. Qxd3 Rc8 28. Qe3 Qc4 29. Nd4 Qa4 30. Nxc2 Qxc2+ 31. Ka1 Ne5 32. Re2 Qd1+ 33. Ka2 Nc4 34. Qf3 Nd2 35. Rxd2 Qxd2 36. Qf5 Rc2 37. Qf6 Rxb2+ 38. Qxb2 Qd3 39. Qb1 Qc4+ 40. Qb3 Qe2+ 41. Qb2 Qc4+ 42. Kb1 Qxe4+ 43. Kc1 Qxd5 44. Qc2 Qe5 45. f4 Qe1+ 46. Kb2 Qa5 47. Qe2 Qd5 48. fxg5 hxg5 49. Qe8+ Kg7 50. Qe2 Qd4+ 51. Kc2 Qc5+ 52. Kd2 Qd4+ 53. Qd3 Qf2+ 54. Qe2 Qd4+ 55. Ke1 Qc3+ 56. Kf2 Qd4+ 57. Kg2 Qd5+ 58. Qf3 Qd2+ 59. Qf2 Qd5+ 60. Kg1 Qd1+ 61. Qf1 Qd4+ 62. Qf2 Qd1+ 63. Qf1 Qd4+ 64. Qf2 Qd1+ 1/2-1/2

[Event "GER-ch Net Amateur Gr-B Vor1"]
[Site "Playchess.com INT"]
[Date "2020.04.14"]
[Round "5"]
[White "Sprungala, Erik"]
[Black "Friemel, Reinhard"]
[Result "0-1"]
[WhiteElo "1619"]
[BlackElo "1614"]
[PlyCount "66"]
[EventDate "2020.04.14"]
[EventType "swiss (blitz)"]
[EventRounds "9"]
[EventCountry "GER"]
[SourceTitle "EXT 2021"]
[Source "ChessBase"]
[SourceDate "2020.10.23"]
[SourceVersion "1"]
[SourceVersionDate "2020.10.23"]
[SourceQuality "1"]

1. d4 d5 2. c4 e6 3. Nc3 Nf6 4. cxd5 exd5 5. Bg5 Be7 6. e3 c6 7. Bd3 a6 8. Nge2 Bg4 9. f3 Bh5 10. 0-0 Bg6 11. e4 dxe4 12. fxe4 0-0 13. e5 Nd5 14. Bxe7 Nxe7 15. Nf4 Qxd4+ 16. Kh1 Bxd3 17. Qxd3 Qxd3 18. Nxd3 Nd7 19. Rae1 Rfe8 20. Ne4 Ng6 21. Nd6 Re7 22. Nxb7 Ndxe5 23. Nbc5 Nxd3 24. Nxd3 Rae8 25. Rxe7 Rxe7 26. Nb4 Rb7 27. a3 Rb6 28. Rc1 Ne7 29. h3 a5 30. Nd3 Kf8 31. Rc2 Ke8 32. Ne5 f6 33. Nc4 Ra6 0-1

[Event "GER-ch Net blitz qual4"]
[Site "Playchess.com INT"]
[Date "2020.03.23"]
[Round "7"]
[White "Agrest, Inna"]
[Black "Sprungala, Erik"]
[Result "1-0"]
[WhiteElo "2260"]
[BlackElo "1851"]
[PlyCount "71"]
[EventDate "2020.03.23"]
[EventType "swiss (blitz)"]
[EventRounds "9"]
[EventCountry "GER"]
[SourceTitle "CBM 195 Extra"]
[Source "ChessBase"]
[SourceDate "2020.05.31"]
[SourceVersion "1"]
[SourceVersionDate "2020.05.31"]
[SourceQuality "1"]

1. e4 c5 2. Nf3 Nc6 3. d4 cxd4 4. Nxd4 Nf6 5. Nc3 e5 6. Ndb5 d6 7. Bg5 a6 8. Na3 b5 9. Bxf6 gxf6 10. Nd5 Bg7 11. Bd3 Ne7 12. Nxe7 Qxe7 13. Qf3 Be6 14. 0-0 Rd8 15. c4 bxc4 16. Bxc4 Bxc4 17. Nxc4 Qe6 18. Ne3 Rg8 19. Rfd1 Bh6 20. Nd5 Kf8 21. Qxf6 Qxf6 22. Nxf6 Ke7 23. Nxg8+ Rxg8 24. Kf1 Bf4 25. g3 Bg5 26. Ke2 h5 27. h4 Bh6 28. Rd5 Ke6 29. Rad1 Rd8 30. Ra5 Ra8 31. b4 f5 32. exf5+ Kxf5 33. Rxd6 Bf8 34. Rdxa6 Rc8 35. Ra8 Rc2+ 36. Kd3 1-0

[Event "GER-ch Net blitz qual4"]
[Site "Playchess.com INT"]
[Date "2020.03.23"]
[Round "4"]
[White "Sprungala, Erik"]
[Black "Becker, Linda"]
[Result "1-0"]
[WhiteElo "1851"]
[BlackElo "1685"]
[PlyCount "47"]
[EventDate "2020.03.23"]
[EventType "swiss (blitz)"]
[EventRounds "9"]
[EventCountry "GER"]
[SourceTitle "CBM 195 Extra"]
[Source "ChessBase"]
[SourceDate "2020.05.31"]
[SourceVersion "1"]
[SourceVersionDate "2020.05.31"]
[SourceQuality "1"]

1. d4 e6 2. c4 d5 3. Nf3 Nf6 4. Nc3 c5 5. cxd5 exd5 6. g3 h6 7. Bg2 Be7 8. 0-0 Be6 9. dxc5 Bxc5 10. Nd4 0-0 11. e3 Nc6 12. Nce2 Qb6 13. Nxc6 bxc6 14. b3 Rfe8 15. Bb2 Nd7 16. Rc1 Bg4 17. Qc2 Rac8 18. Nd4 Ne5 19. Qxc5 Qc7 20. Qc2 Bh5 21. Bxd5 Bg6 22. Qc3 Nd3 23. Nb5 Qd7 24. Qxg7# 1-0

[Event "GER-ch Net blitz qual2"]
[Site "Playchess.com INT"]
[Date "2020.03.16"]
[Round "8"]
[White "Sprungala, Erik"]
[Black "Mueller, Adrian"]
[Result "1-0"]
[WhiteElo "1851"]
[BlackElo "1975"]
[PlyCount "105"]
[EventDate "2020.03.16"]
[EventType "swiss (blitz)"]
[EventRounds "9"]
[EventCountry "GER"]
[SourceTitle "CBM 195 Extra"]
[Source "ChessBase"]
[SourceDate "2020.05.31"]
[SourceVersion "1"]
[SourceVersionDate "2020.05.31"]
[SourceQuality "1"]

1. d4 Nf6 2. c4 g6 3. Nc3 Bg7 4. e4 d6 5. Be2 0-0 6. Nf3 e5 7. dxe5 dxe5 8. 0-0 c6 9. Bg5 Qe7 10. Qb3 Nbd7 11. Rfd1 h6 12. Bh4 Nc5 13. Qc2 a5 14. Bg3 Nh5 15. Ne1 Nxg3 16. hxg3 Ne6 17. Nf3 b6 18. Na4 Rb8 19. Rac1 Nd4 20. Nxd4 exd4 21. c5 b5 22. Nb6 Be6 23. a4 b4 24. Bc4 Qxc5 25. Bxe6 Qxc2 26. Bxf7+ Rxf7 27. Rxc2 Rxb6 28. Rc5 Ra7 29. Rdc1 Raa6 30. b3 Kf7 31. f4 Ke6 32. Kf2 Kd6 33. Ke2 Rb8 34. Kd3 Re8 35. e5+ Bxe5 36. fxe5+ Rxe5 37. Kxd4 Rd5+ 38. Rxd5+ cxd5 39. Rc5 Ke6 40. Rxd5 Rd6 41. Rxd6+ Kxd6 42. Kc4 Kc6 43. g4 h5 44. gxh5 gxh5 45. g3 Kd6 46. Kb5 Ke5 47. Kxa5 Kf5 48. Kxb4 Kg4 49. a5 Kxg3 50. a6 h4 51. a7 h3 52. a8Q h2 53. Qh1 1-0

[Event "Dortmund Sparkassen op-B 47th"]
[Site "Dortmund"]
[Date "2019.07.20"]
[Round "8"]
[White "Koelz, Niklas"]
[Black "Sprungala, Erik"]
[Result "1-0"]
[WhiteElo "1975"]
[BlackElo "1731"]
[PlyCount "117"]
[EventDate "2019.07.13"]
[EventType "swiss"]
[EventRounds "9"]
[EventCountry "GER"]
[SourceTitle "CBM 192 Extra"]
[Source "Chessbase"]
[SourceDate "2019.11.06"]
[SourceVersion "1"]
[SourceVersionDate "2019.11.06"]
[SourceQuality "1"]

1. c4 e5 2. g3 Nf6 3. Bg2 d5 4. cxd5 Nxd5 5. Nc3 Be6 6. Nf3 Nc6 7. 0-0 Nb6 8. b3 f6 9. e3 Qd7 10. Ne2 0-0-0 11. Bb2 Bh3 12. d4 Bxg2 13. Kxg2 exd4 14. Nexd4 Nxd4 15. Bxd4 Kb8 16. Qc2 Bd6 17. Rfd1 Qf7 18. Rac1 g5 19. Qf5 Rhf8 20. Bc5 Nc8 21. Nd4 Rfe8 22. Qf3 Re5 23. Nb5 Rd7 24. Nxd6 Nxd6 25. Bxd6 Rxd6 26. Rxd6 cxd6 27. Qg4 Re8 28. Rd1 Rd8 29. Qf5 Qe7 30. Rd4 Qf7 31. Re4 Kc7 32. Qa5+ Kd7 33. Qxa7 Qd5 34. Qd4 Qxd4 35. Rxd4 Rc8 36. Kf3 Rc2 37. a4 Rb2 38. b4 f5 39. g4 fxg4+ 40. Rxg4 h5 41. Rxg5 Rxb4 42. a5 h4 43. Rg4 Rb5 44. Ra4 Rf5+ 45. Kg2 Kc6 46. a6 bxa6 47. Rxa6+ Kd7 48. Ra7+ Ke6 49. Rh7 Rg5+ 50. Kf3 Rf5+ 51. Ke2 Kf6 52. Rxh4 Kg5 53. Rh8 Ra5 54. Kf3 Rf5+ 55. Kg3 d5 56. Rd8 Kh5 57. f4 Kg6 58. Kg4 Rh5 59. Rd6+ 1-0

[Event "Dortmund Sparkassen op-B 47th"]
[Site "Dortmund"]
[Date "2019.07.18"]
[Round "6"]
[White "Bungarten, Jona"]
[Black "Sprungala, Erik"]
[Result "1-0"]
[WhiteElo "1818"]
[BlackElo "1731"]
[PlyCount "29"]
[EventDate "2019.07.13"]
[EventType "swiss"]
[EventRounds "9"]
[EventCountry "GER"]
[SourceTitle "CBM 192 Extra"]
[Source "Chessbase"]
[SourceDate "2019.11.06"]
[SourceVersion "1"]
[SourceVersionDate "2019.11.06"]
[SourceQuality "1"]

1. e4 c5 2. d4 cxd4 3. c3 Nf6 4. e5 Nd5 5. Nf3 Nc6 6. Bc4 Nb6 7. Bb3 d5 8. exd6 Qxd6 9. 0-0 Be6 10. Na3 a6 11. Ng5 Bxb3 12. Qxb3 e6 13. Qxb6 dxc3 14. Qxb7 Qxa3 15. Qxa8+ 1-0

[Event "Dortmund Sparkassen op-B 47th"]
[Site "Dortmund"]
[Date "2019.07.14"]
[Round "2"]
[White "Sprungala, Erik"]
[Black "Ahrends, Norbert"]
[Result "1-0"]
[WhiteElo "1731"]
[BlackElo "1905"]
[PlyCount "75"]
[EventDate "2019.07.13"]
[EventType "swiss"]
[EventRounds "9"]
[EventCountry "GER"]
[SourceTitle "CBM 192 Extra"]
[Source "Chessbase"]
[SourceDate "2019.11.06"]
[SourceVersion "1"]
[SourceVersionDate "2019.11.06"]
[SourceQuality "1"]

1. d4 d5 2. c4 c6 3. cxd5 cxd5 4. Nc3 Nf6 5. Bf4 Nc6 6. e3 a6 7. Bd3 e6 8. Rc1 Bd6 9. Bxd6 Qxd6 10. f4 0-0 11. Nf3 h6 12. 0-0 Bd7 13. Ne5 Be8 14. g4 Nh7 15. Qc2 g6 16. Qg2 Rd8 17. h4 Kh8 18. a3 f5 19. Nxc6 Bxc6 20. g5 h5 21. Nb1 Rf7 22. Rc3 Nf8 23. Nd2 Rc7 24. Rfc1 Rdc8 25. Nf3 Ba4 26. Qd2 Nd7 27. Kf2 Bb3 28. Rxc7 Rxc7 29. Rc3 Bc4 30. Qc1 Rc6 31. Bxc4 dxc4 32. Rxc4 Rxc4 33. Qxc4 Nb6 34. Qc3 Kg7 35. d5+ Kh7 36. Qf6 Qc7 37. Ne5 Qc2+ 38. Kg3 1-0